| 000 | 00617nam a22001937a 4500 | ||
|---|---|---|---|
| 005 | 20241206125656.0 | ||
| 010 | _aENG-142890 | ||
| 020 |
_a9789355326164 _c525.00 |
||
| 035 | _aEN-126422 | ||
| 037 | _bDBAD | ||
| 082 |
_a954.51 _24 |
||
| 100 |
_aBaishya, Sailen _974793 |
||
| 245 |
_aAn Introduction To Assam General Knowledge/ _cby Sailen Baishya |
||
| 250 | _a4 | ||
| 260 |
_aChennai _bMcGraw Hill Education Private Ltd _c2024 |
||
| 270 |
_aAnjana Complex No. 5/90 A, Butt Road, St Thomas Mount _bChennai _e600016 |
||
| 300 |
_axv,400p. _c24cm(pb) _bIndex |
||
| 942 |
_2ddc _cEN _mBAI _h954.51 _e4 |
||
| 999 |
_c207466 _d207466 |
||